[Event "Valdivia op 2nd"]
[Site "Valdivia"]
[Date "2021.09.19"]
[Round "4"]
[White "Borgeaud Fuentes, Oscar"]
[Black "Meza Gorrini, Francesco"]
[Result "1/2-1/2"]
[WhiteElo "1927"]
[BlackElo "1517"]
[PlyCount "129"]
[EventDate "2021.09.16"]
[EventType "swiss"]
[EventRounds "6"]
[EventCountry "CHI"]
[SourceTitle "CBM 204 Extra"]
[Source "ChessBase"]
[SourceDate "2021.11.30"]
[SourceVersion "1"]
[SourceVersionDate "2021.11.30"]
[SourceQuality "1"]

1. d4 Nf6 2. Nf3 g6 3. g3 Bg7 4. Bg2 0-0 5. 0-0 d6 6. Nc3 Nbd7 7. e4 e5 8. Re1 c6 9. a4 Re8 10. a5 exd4 11. Nxd4 Nc5 12. h3 Qc7 13. Ra3 Bd7 14. b4 Ne6 15. Nde2 b6 16. Be3 bxa5 17. bxa5 Rad8 18. g4 Bc8 19. Qc1 d5 20. exd5 Nxd5 21. Nxd5 cxd5 22. c3 Ba6 23. Nd4 Nf4 24. Bxf4 Rxe1+ 25. Qxe1 Qxf4 26. Qe3 Qc7 27. Ra1 Rc8 28. Rc1 Qxa5 29. Nc6 Rxc6 30. Qe8+ Bf8 31. Qxc6 Bc4 32. Rd1 Qxc3 33. Bxd5 Qb3 34. Bf3 a5 35. Rc1 Be6 36. Rc3 Qb4 37. Re3 a4 38. Bd5 Bxd5 39. Qxd5 a3 40. Re2 Qc3 41. Kg2 Qb4 42. Rd2 Qa4 43. Ra2 Qf4 44. Qf3 Qc4 45. Rxa3 Bxa3 46. Qxa3 Qd4 47. Qf3 h6 48. Qc6 Kg7 49. Qb7 Qe5 50. Qc6 Qf6 51. Qe4 Qb2 52. Qd5 Qf6 53. Qb7 Qe5 54. Qc6 Qf6 55. Qxf6+ Kxf6 56. f4 h5 57. Kf3 hxg4+ 58. hxg4 Ke6 59. Ke3 f5 60. g5 Kd5 61. Kd3 Kc5 62. Kc3 Kd5 63. Kd3 Kc5 64. Kc3 Kd5 65. Kd3 1/2-1/2

[Event "Valdivia op 2nd"]
[Site "Valdivia"]
[Date "2021.09.19"]
[Round "5"]
[White "Juarez Silva, Gabriel"]
[Black "Borgeaud Fuentes, Oscar"]
[Result "0-1"]
[WhiteElo "1678"]
[BlackElo "1927"]
[PlyCount "72"]
[EventDate "2021.09.16"]
[EventType "swiss"]
[EventRounds "6"]
[EventCountry "CHI"]
[SourceTitle "CBM 204 Extra"]
[Source "ChessBase"]
[SourceDate "2021.11.30"]
[SourceVersion "1"]
[SourceVersionDate "2021.11.30"]
[SourceQuality "1"]

1. e4 c5 2. Nf3 Nc6 3. d3 g6 4. c3 Bg7 5. g3 e5 6. Bg2 d6 7. 0-0 Nge7 8. a4 0-0 9. Nbd2 h6 10. Nc4 Be6 11. Nfd2 f5 12. f4 exf4 13. gxf4 d5 14. exd5 Nxd5 15. Nf3 Qc7 16. Qe1 Rae8 17. Qg3 Kh7 18. Nh4 g5 19. fxg5 f4 20. Be4+ Bf5 21. Qf3 Bxe4 22. dxe4 Ne3 23. Bxe3 fxe3 24. Qxe3 Nd4 25. Rxf8 Rxf8 26. e5 Ne6 27. Qe4+ Kg8 28. gxh6 Bxh6 29. Nf5 Qh7 30. Ncd6 Bf4 31. h4 Kh8 32. Kf2 Ng7 33. Nxg7 Bxe5+ 34. Ke2 Bxd6 35. Qd5 Qc2+ 36. Ke3 Bf4+ 0-1

[Event "Temuco Universidad de La Frontera"]
[Site "Temuco"]
[Date "2018.07.??"]
[Round "5.1"]
[White "Borgeaud Fuentes, Oscar"]
[Black "Larama Denis, Giovanni Andre"]
[Result "1-0"]
[WhiteElo "1945"]
[BlackElo "1644"]
[PlyCount "39"]
[EventDate "2018.07.07"]
[EventType "tourn"]
[EventRounds "6"]
[EventCountry "CHI"]
[SourceTitle "EXT 2024"]
[Source "ChessBase"]
[SourceDate "2023.10.10"]
[SourceVersion "1"]
[SourceVersionDate "2023.10.10"]
[SourceQuality "1"]

1. e4 c5 2. Nf3 Nc6 3. d4 cxd4 4. Nxd4 e5 5. Nf3 Qa5+ 6. c3 Nf6 7. Nbd2 b5 8. Be2 Bb7 9. 0-0 Qb6 10. Qb3 b4 11. Ng5 d5 12. exd5 Na5 13. Qa4+ Nd7 14. Ndf3 Bc5 15. Nxe5 0-0-0 16. Bg4 f5 17. Bxf5 Rhf8 18. Nxd7 Rxf5 19. Nxb6+ Bxb6 20. Ne6 1-0

[Event "Mayor Temuco"]
[Site "Rosales"]
[Date "2017.??.??"]
[Round "4.1"]
[White "Ercoli Ercoli, Fernando"]
[Black "Borgeaud Fuentes, Oscar"]
[Result "1-0"]
[WhiteElo "1751"]
[BlackElo "1996"]
[PlyCount "47"]
[EventDate "2017.10.21"]
[EventType "tourn"]
[EventRounds "10"]
[EventCountry "CHI"]
[SourceTitle "EXT 2024"]
[Source "ChessBase"]
[SourceDate "2023.10.10"]
[SourceVersion "1"]
[SourceVersionDate "2023.10.10"]
[SourceQuality "1"]

1. d4 d5 2. c4 c6 3. Nc3 Nf6 4. Nf3 dxc4 5. a4 Bf5 6. e3 e6 7. Bxc4 Bb4 8. 0-0 0-0 9. Nh4 Bg4 10. f3 Bh5 11. g4 Bg6 12. e4 Nbd7 13. Nxg6 hxg6 14. g5 Ne8 15. f4 c5 16. f5 exf5 17. exf5 Nd6 18. fxg6 Nxc4 19. gxf7+ Rxf7 20. Rxf7 Kxf7 21. Qf1+ Kg6 22. Qd3+ Kh5 23. Qh7+ Kg4 24. h3+ 1-0

[Event "American Continental 11th"]
[Site "Montevideo"]
[Date "2015.05.22"]
[Round "9"]
[White "Borgeaud Fuentes, Oscar"]
[Black "Madeira, Wagner Martins"]
[Result "1/2-1/2"]
[WhiteElo "2003"]
[BlackElo "2179"]
[PlyCount "78"]
[EventDate "2015.05.15"]
[EventType "swiss"]
[EventRounds "11"]
[EventCountry "URU"]
[SourceTitle "CBM 167"]
[Source "ChessBase"]
[SourceDate "2015.07.13"]
[SourceVersion "1"]
[SourceVersionDate "2015.07.13"]
[SourceQuality "1"]

1. d4 Nf6 2. c4 g6 3. Nc3 Bg7 4. e4 d6 5. f4 0-0 6. Nf3 c5 7. d5 e6 8. dxe6 Bxe6 9. Bd3 Nc6 10. f5 Bc8 11. 0-0 Ng4 12. Nd5 Nd4 13. Ng5 Nf6 14. Nxf6+ Bxf6 15. Qg4 Kg7 16. Nxh7 Kxh7 17. e5 Bxf5 18. Bxf5 dxe5 19. Be4 Rb8 20. Be3 Kg7 21. Rf2 Bh4 22. Rxf7+ Rxf7 23. Qxg6+ Kf8 24. Qh6+ Ke7 25. Qxh4+ Kd6 26. Qh6+ Qf6 27. Qxf6+ Rxf6 28. g4 Rg8 29. g5 Nf3+ 30. Bxf3 Rxf3 31. Re1 b6 32. Kg2 e4 33. h4 Rh8 34. Bf2 Rxf2+ 35. Kxf2 Rxh4 36. Kg3 Rh5 37. Rxe4 Rxg5+ 38. Kf2 Rh5 39. Kg2 Rg5+ 1/2-1/2

[Event "Antofagasta Zicosur op 1st"]
[Site "Antofagasta"]
[Date "2015.01.09"]
[Round "8"]
[White "Gutierrez Montes, Sebastian"]
[Black "Borgeaud Fuentes, Oscar"]
[Result "1-0"]
[WhiteElo "2055"]
[BlackElo "1897"]
[PlyCount "33"]
[EventDate "2015.01.05"]
[EventType "swiss"]
[EventRounds "10"]
[EventCountry "CHI"]
[SourceTitle "CBM 164 Extra"]
[Source "ChessBase"]
[SourceDate "2015.03.02"]
[SourceVersion "1"]
[SourceVersionDate "2015.03.02"]
[SourceQuality "1"]

1. e4 e6 2. d4 d5 3. Nc3 Nf6 4. Bg5 Bb4 5. e5 h6 6. Bd2 Bxc3 7. bxc3 Ne4 8. Qg4 Kf8 9. h4 c5 10. Bd3 Nxd2 11. Kxd2 Nc6 12. Rh3 Rg8 13. Rf3 Qc7 14. Bg6 Nd8 15. Ne2 Rh8 16. Nf4 Kg8 17. Nh5 1-0

[Event "Antofagasta Zicosur op 1st"]
[Site "Antofagasta"]
[Date "2015.01.07"]
[Round "4"]
[White "Aguirre Contreras, Cristian Rodrigo"]
[Black "Borgeaud Fuentes, Oscar"]
[Result "1/2-1/2"]
[WhiteElo "2222"]
[BlackElo "1897"]
[PlyCount "80"]
[EventDate "2015.01.05"]
[EventType "swiss"]
[EventRounds "10"]
[EventCountry "CHI"]
[SourceTitle "CBM 164 Extra"]
[Source "ChessBase"]
[SourceDate "2015.03.02"]
[SourceVersion "1"]
[SourceVersionDate "2015.03.02"]
[SourceQuality "1"]

1. e4 e6 2. c4 d5 3. cxd5 exd5 4. exd5 Nf6 5. Nc3 Nxd5 6. Nf3 Be7 7. d4 0-0 8. Be2 Bf5 9. 0-0 Nc6 10. a3 Bf6 11. Qb3 Nb6 12. Rd1 a6 13. Be3 Na5 14. Qa2 Bc2 15. Rd2 Bb3 16. Qb1 Be7 17. Bd3 h6 18. Re2 Nbc4 19. Ne4 f5 20. Ned2 f4 21. Nxb3 fxe3 22. fxe3 Bd6 23. Qc2 b5 24. Qc3 Rxf3 25. gxf3 Qg5+ 26. Kh1 Qh5 27. Be4 Re8 28. Rae1 Nxb3 29. Qxb3 Bg3 30. Rg1 Bd6 31. Reg2 Rxe4 32. fxe4 Bxh2 33. Qd1 Qh4 34. Rxh2 Qxe4+ 35. Rgg2 Nxe3 36. Qe2 Qb1+ 37. Rg1 Qe4+ 38. Rhg2 Qh4+ 39. Rh2 Qe4+ 40. Rgg2 Qb1+ 1/2-1/2

[Event "Antofagasta Zicosur op 1st"]
[Site "Antofagasta"]
[Date "2015.01.06"]
[Round "3"]
[White "Borgeaud Fuentes, Oscar"]
[Black "Delgado Ramirez, Neuris"]
[Result "0-1"]
[WhiteElo "1897"]
[BlackElo "2604"]
[PlyCount "86"]
[EventDate "2015.01.05"]
[EventType "swiss"]
[EventRounds "10"]
[EventCountry "CHI"]
[SourceTitle "CBM 164 Extra"]
[Source "ChessBase"]
[SourceDate "2015.03.02"]
[SourceVersion "1"]
[SourceVersionDate "2015.03.02"]
[SourceQuality "1"]

1. d4 Nf6 2. c4 e6 3. Nf3 b6 4. g3 Ba6 5. b3 b5 6. cxb5 Bxb5 7. Ba3 d6 8. Bg2 Nbd7 9. 0-0 Rc8 10. Nc3 Ba6 11. Na4 Be7 12. Rc1 0-0 13. Re1 Nb6 14. Nb2 Bb7 15. Nd3 a5 16. Bb2 a4 17. Nd2 Bxg2 18. Kxg2 Qd7 19. Nc4 Qb5 20. e3 Nfd7 21. Na3 Qa6 22. b4 Qb7+ 23. Kg1 Nf6 24. Qe2 Ne4 25. h4 Nd5 26. b5 Rce8 27. Rc6 Bd8 28. Qf3 f5 29. Rec1 Rf7 30. Qd1 Ne7 31. R6c2 Nd5 32. Rc6 g5 33. h5 Ne7 34. R6c4 g4 35. Nf4 Ng5 36. d5 e5 37. Ne6 Nf3+ 38. Kf1 Nxd5 39. Nxd8 Rxd8 40. e4 fxe4 41. Rxe4 Nf6 42. Rxe5 Nxe5 43. Bxe5 Qh1+ 0-1

[Event "Antofagasta Zicosur op 1st"]
[Site "Antofagasta"]
[Date "2015.01.05"]
[Round "1"]
[White "Borgeaud Fuentes, Oscar"]
[Black "Nunez Donaire, Gabriel Alonso"]
[Result "1-0"]
[WhiteElo "1897"]
[BlackElo "1560"]
[PlyCount "63"]
[EventDate "2015.01.05"]
[EventType "swiss"]
[EventRounds "10"]
[EventCountry "CHI"]
[SourceTitle "CBM 164 Extra"]
[Source "ChessBase"]
[SourceDate "2015.03.02"]
[SourceVersion "1"]
[SourceVersionDate "2015.03.02"]
[SourceQuality "1"]

1. d4 Nf6 2. Nf3 g6 3. g3 Bg7 4. Bg2 0-0 5. 0-0 d6 6. c4 Nc6 7. Nc3 Bf5 8. Nh4 Bd7 9. e4 e5 10. dxe5 Nxe5 11. Qe2 Be6 12. b3 Nfd7 13. Bb2 Nc5 14. Rad1 Qd7 15. Nd5 c6 16. Nf4 Rad8 17. Nxe6 Qxe6 18. f4 Qg4 19. Qc2 Ned3 20. Bxg7 Kxg7 21. Rxd3 Nxd3 22. Qxd3 Qe6 23. f5 Qe5 24. Kh1 Qa5 25. a4 Qe5 26. Qd2 b5 27. Nf3 Qc5 28. cxb5 cxb5 29. b4 Qc8 30. f6+ Kxf6 31. Qd4+ Ke7 32. Ng5 1-0

[Event "Lautaro U2200 1st"]
[Site "Lautaro"]
[Date "2013.10.13"]
[Round "5.2"]
[White "Gomez Diaz, Juan"]
[Black "Borgeaud Fuentes, Oscar"]
[Result "0-1"]
[WhiteElo "1647"]
[BlackElo "1861"]
[PlyCount "68"]
[EventDate "2013.10.12"]
[EventType "swiss"]
[EventRounds "6"]
[EventCountry "CHI"]
[SourceTitle "EXT 2024"]
[Source "ChessBase"]
[SourceDate "2023.10.10"]
[SourceVersion "1"]
[SourceVersionDate "2023.10.10"]
[SourceQuality "1"]

1. e4 c5 2. Nf3 Nc6 3. d4 cxd4 4. Nxd4 Nf6 5. Nc3 e5 6. Ndb5 d6 7. Bg5 a6 8. Bxf6 gxf6 9. Na3 b5 10. Nd5 Bg7 11. Be2 Ne7 12. 0-0 0-0 13. Qd2 Be6 14. c4 Bxd5 15. cxd5 f5 16. Bd3 fxe4 17. Bxe4 f5 18. Bf3 Ng6 19. g3 e4 20. Bg2 Ne5 21. f4 Qb6+ 22. Kh1 Nd3 23. Rab1 Rac8 24. g4 Bd4 25. h3 Nf2+ 26. Kh2 Be3 27. Qe2 Bxf4+ 28. Kg1 fxg4 29. hxg4 Bg3 30. Bh1 Qd8 31. Bxe4 Qh4 32. Bxh7+ Kxh7 33. Rxf2 Bxf2+ 34. Kg2 Qg3+ 0-1